000 00914cam a2200277 i 4500
999 _c11988
_d11988
001 11988
003 Mx-PuUPA
005 20251024090427.0
008 140415s1994 mx a gr 001 0 spa d
020 _a9681327233
040 _aMx-PuUPA
_bspa
_cMx-PuUPA
_dMx-PuUPA
_erda
041 0 _aspa
100 1 _aPazos, Luis,
_d1947-
_eautor
_95918
245 1 3 _aLo que le falta a Zedillo /
_cLuis Pozos
250 _aPrimera edición /
_boctubre
264 4 _aMéxico, D.F. :
_bEditorial Diana,
_c©1994
300 _a158 páginas :
_bilustraciones ;
_c21 cm
336 _atexto
_2rdacontent
_btxt
337 _asin medio
_2rdamedia
_bn
338 _avolumen
_2rdacarrier
_bnc
650 4 _aCiencias políticas
_zMéxico
942 _2ddc
_cLI
_h332.4172
_iP348